000 00265nam a22001217a 4500
008 181106b xxu||||| |||| 00| 0 eng d
041 _aeng
080 _a710
100 _a49
101 _aART
245 _aArt In The Western World
_cRobb.D.M
942 _2udc
_cBK
999 _c52038
_d52038